UBT Library

MKTG 10 PRINCIPLES OF MARKETING (Record no. 59673)

000 -LEADER
fixed length control field 00324nam a22001457a 4500
008 - FIXED-LENGTH DATA ELEMENTS--GENERAL INFORMATION
fixed length control field 230508b ||||| |||| 00| 0 eng d
020 ## - INTERNATIONAL STANDARD BOOK NUMBER
International Standard Book Number 9781305631830
041 ## - LANGUAGE CODE
Language code of text/sound track or separate title eng
080 ## - UNIVERSAL DECIMAL CLASSIFICATION NUMBER
Universal Decimal Classification number 339
082 ## - DEWEY DECIMAL CLASSIFICATION NUMBER
Classification number 339LAM
100 ## - Rafti
Rafti 24
101 ## - Shkurtesa
Shkurtesa MARKETING
245 ## - TITLE STATEMENT
Title MKTG 10 PRINCIPLES OF MARKETING
Statement of responsibility, etc LAMB
942 ## - ADDED ENTRY ELEMENTS (KOHA)
Source of classification or shelving scheme
Item type Books
Holdings
Withdrawn status Lost status Source of classification or shelving scheme Damaged status Not for loan Collection code Permanent location Current location Date acquired Total Checkouts Full call number Barcode Date last seen Price effective from Koha item type
          Koleksioni i përgjithshem UBT - Lipjan UBT - Lipjan 05/08/2023   339LAM 002-800080129 05/08/2023 05/08/2023 Books
UBT Library © 2015-2024. All rights reserved University Education for Business and Technology